000
00287nam a2200109Ia 4500
008
230907s9999||||xx |||||||||||||| ||und||
082
_a
891.4394
_b
QAS
245
0
_a
اپنی تلاش, Apni talash /
260
_a
Lahore :
_b
Nai Souch Publications,
_c
2017
300
_a
176 p.
942
_c
BK
999
_c
601616
_d
601616